000
00322nam a2200121Ia 4500
008
220216s9999 xx 000 0 und d
100
_a
Stephens Bill D
245
0
_a
Test for evaluating water-based mold releases
260
_b
Rubber and Plastics News
_c
1993
300
_a
81-84
700
_a
Patterson David
942
_c
JS
999
_c
70400
_d
70400